Quizzes
Events
Quiz Creation
Community
Videos
Private Events
Remove Ads
Sign In
Join for FREE
Feedback
Dark Mode
Quiz Categories
Sports
Geography
Music
Movies
Television
Just For Fun
Miscellaneous
History
Literature
Language
Science
Gaming
Entertainment
Religion
Holiday
For Kids
Quiz Lab
Recent
Popular Today
Quiz Kudos Today
Editor Picks
Curator Picks
Quizzes by...
Day
Popularity
Type
Ratings
Length
Year
Community
Subscriptions
Recent Discussions
Orange Saloon
Badges
Playlists
Quests
Create
Leaderboards
Showdown
Live 5
Trivia Bingo
Activity
Puzzle Library
Sporcle Events
Private Events
Virtual Trivia
Globe League
Become a Host
Pub Owners
SporcleCon
Opinionation
Our Games
Videos
Blog
Mobile Apps
Partnerships
Remove Ads and Go Orange
Feedback
Movies
Disney
Marvel Cinematic Universe
Movie Resume
Movie Titles
Oscar
Actor
Actress
Director
Pixar
Role
Movie Quotes
Movie Characters
Box Office
Nominee
Best Picture
Star Wars
James Bond
Horror Movies
Movies
Disney
Marvel Cinematic Universe
Movie Resume
Movie Titles
Oscar
Actor
Actress
Director
Pixar
Role
Movie Quotes
Movie Characters
Box Office
Nominee
Best Picture
Star Wars
James Bond
Horror Movies
Random Quiz
Search Sporcle
×
Quiz Lab
Quiz Lab
Movies
Steve Carell
Type in answers that appear in a list
Type in answers that appear in a list
Classic
Best Score? Go Orange.
Steve Carell Movies Stats
Can you name the Steve Carell Movies?
By
TheCrisis
6m
20 Questions
182 Plays
182 Plays
182 Plays
Comments
Comments
Give Quiz Kudos
Give Quiz Kudos
-
- Ratings
hide this ad
More Info
Replay
Link that replays current quiz
Next Quiz
Link to next quiz in quiz playlist
You Got
0%
They Got
Avg Score
35%
Avg Friend Score
Upgrade to see
Score Distribution
Jump to the score distribution portion of the page
Score
0/20
Timer
06:00
0
Plays Today
Year
% Correct
2005
The 40-Year Old Virgin
83.5%
2007
Evan Almighty
76.4%
2004
Anchorman: The Legend of Ron Burgandy
75.3%
2003
Bruce Almighty
67%
2010
Date Night
65.4%
2008
Get Smart
54.9%
2010
Dinner For Schmucks
53.8%
2007
Dan in Real Life
48.4%
2010
Despicable Me
43.4%
2006
Little Miss Sunshine
37.9%
Year
% Correct
2008
Horton Hears a Who!
33%
2006
Over the Hedge
18.1%
2005
Bewitched
13.7%
2004
Sleepover
8.2%
2004
Melinda and Melinda
6.6%
1991
Curly Sue
5.5%
1998
Tomorrow Night
2.7%
1998
Homegrown
2.2%
2003
Street of Pain
2.2%
1999
Suits
1.6%
Quiz Playlist
Details
Report
Send in Message
Add To Playlist
More Info:
All theatrically released movies Carell had a part in
Classic:
Type in answers that appear in a list
Quiz Source
Last Updated: Feb 16, 2017
Quiz Scoreboard
CHALLENGE
Sign Up to Join the Scoreboard
Show All
Scores
Hide
Comments
May contain spoilers
Recently Published
9x9 Crossword: Cartoon Network
by jackfrog10
Miscellaneous
3m
College Basketball Coaching Resumes
by pancakes188
Sports
9m
Billboard Blitz: Fleetwood Mac
by CooCooCachoo
Music
15s
More to Explore
Quiz From the Vault
Featured Blog Post
Where Did the Easter Bunny Come From?
hide this ad
You Might Also Like...
Tags
Steve
Steve Carell
Today's Top Quizzes in Movies
Browse Movies
hide this ad
Today's Top Quizzes in Steve Carell
Browse Steve Carell
Top Contributed Quizzes in Movies
1
Pick 5 Posters: Directed by Spielberg
2
7-to-1: Pixar Characters
3
Pick 5 Posters: Lowest-Rated Spielberg
4
Sorting Actors
5
Sorting Actresses
6
Pick 5 Posters: Directed by Scorsese
7
Hidden Star Wars Character II
8
Pick 5 Posters: Star & Director
9
Hidden Star Wars Character III
10
12 Movies about Fictional 1960s Events
Explore More
Trending Topics
Harry Potter
Kpop
NBA
Disney
Anime
Marvel
Crossword
Soccer
Song
The Office
NFL
WWE
Puzzle
Country
Pokémon
hide this ad
More By:
TheCrisis
Quiz
Plays
Rating
Category
Featured
Created
Obscure 90s Movies
317
2.35
Movies
Feb 16, 2015
Yahoo!'s 100 Funniest Movies
191
2.25
Movies
May 28, 2012
Steve Carell Movies
182
5.00
Movies
Jul 1, 2010
30 Longest Home Runs of 2014
113
4.00
Sports
Dec 3, 2014
2005 Chicago White Sox Roster
103
5.00
Sports
Jul 4, 2010
Go to Creator's Profile
Score Distribution
Quiz Creator Spotlight
TheCrisis
Follow
Send a Message
Quizzes Created
-
Created Quiz Play Count
-
More By This Creator
Popular Quizzes Today
1
Find the US States - No Outlines Minefield
2
Find the Countries of Europe - No Outlines Minefield
3
The Countries of the World
4
Find the US States
5
Risky Map Clicking: Biggest States A-Z
6
US States
7
Popular People in 1961
8
Movies - When Are They Set?
More Movies Quizzes
Huge MCU Characters Quiz
Quiz Lab
Trending Quizzes
Risky Map Clicking: Least Populous States A-Z
1-10 Letter G Words
Risky Map Clicking: Next State Alphabetically
Adjectives in 80s TV Shows
Risky Map Clicking: Biggest States A-Z
Recently Updated
Leaping Animals
pecheneg
Reality TV Shows (A-Z)
bhenderson79
Rickey Henderson's Hall of Fame Teammates
pecheneg
Champions League XIs: Arsenal
pecheneg
Quick Pick: Celebrities in WWE's Hall of Fame
aduchscher
A-Z Keypad Blitz II
pecheneg
Multiple Oscar Actors
pecheneg
Mystery Phrase Blitz: Oscar 'Best Actors'
pecheneg
F. Scott Fitzgerald Novels
LTH
Pick 3 Villains
ddd62291
Trending Topics
Crossword
Anime
Marvel
Kpop
NBA
Harry Potter
Disney
Soccer
WWE
The Office
Song
Pokémon
Country
NFL
Puzzle
Your Account Isn't Verified!
In order to create a playlist on Sporcle, you need to verify the email address you used during registration. Go to your
Sporcle Settings
to finish the process.
Report this User
Report this user for behavior that violates our
Community Guidelines
.
Details:
Send Report
Go to the Sporcle.com Mobile Site →
Comments